000 00685nam a2200277Ia 4500
005 20260324132156.0
008 008 260324s9999 xx 000 0 eng d
020 _a9780203957660
037 _aEBOOK
040 _aCRL
040 _beng
040 _cCRL
041 _2eng
041 _aeng
084 _qCRL
100 _aViola Giulia Miglio
_91188292
245 0 _aInteractions between Markedness and Faithfulness Constraints in Vowel Systems
260 _bTaylor and Francis
260 _c2005
365 _a
365 _b230
856 _uhttp://www.taylorfrancis.com/books/9780203957660
942 _cEBOOK
999 _c1786163
_d1786163